Cyber Security as Part of the Business Environment
Úvod do kybernetiky a kybernetickej bezpečnosti. Kybernetický priestor, mapa transoceánskych optických káblov. Kybernetická hrozba, útočníci, svetová mapa kybernetických hrozieb.
Salvato in:
| Autore principale: | |
|---|---|
| Altri autori: | , |
| Natura: | Capitolo di libro |
| Lingua: | inglese |
| Soggetti: | |
| Tags: |
Nessun Tag, puoi essere il primo ad aggiungerne!!
|
MARC
| LEADER | 00000nla a2200000 4500 | ||
|---|---|---|---|
| 001 | 0246104 | ||
| 005 | 20240417075141.3 | ||
| 041 | 0 | |a eng | |
| 044 | |a SK | ||
| 245 | 1 | 0 | |a Cyber Security as Part of the Business Environment |c Antonín Korauš, Stanislava Veselovská, Pavel Kelemen |
| 520 | |a Úvod do kybernetiky a kybernetickej bezpečnosti. Kybernetický priestor, mapa transoceánskych optických káblov. Kybernetická hrozba, útočníci, svetová mapa kybernetických hrozieb. | ||
| 610 | 2 | 0 | |a prostredie podnikateľské |
| 610 | 2 | 0 | |a internet |
| 610 | 2 | 0 | |a bezpečnosť kybernetická |
| 610 | 2 | 0 | |a kybernetika |
| 610 | 2 | 0 | |a kybernetizácia |
| 610 | 2 | 0 | |a informatizácia |
| 100 | 1 | |a Korauš, Antonín | |
| 700 | 1 | |a Veselovská, Stanislava, 1957- | |
| 700 | 1 | |a Kelemen, Pavel | |